| 000 | 00808nam a22002177a 4500 | ||
|---|---|---|---|
| 999 |
_c19758 _d19758 |
||
| 003 | AR-CdUCM | ||
| 008 | 190521b ||||| |||| 00| 0 spa d | ||
| 040 |
_aMUNICIPALIDAD PROVINCIAL DEL CUSCO _cBIBLIOTECA MUNICIPAL DEL CUSCO |
||
| 082 |
_a371.11 / _bS31 |
||
| 100 |
_aSchhneider, Friedrich _941325 |
||
| 245 |
_aa pedagogía de los pueblos : _bintroducción a la pedagogía comparada / |
||
| 260 |
_aBarcelona : _bEdit. Herder, _c1964. |
||
| 300 |
_a423 páginas ; _c23 cm. |
||
| 505 | _aContenido: Carácter nacional y pedagogía -- El marco geográfico como factor modelador de la pedagogía... | ||
| 650 |
_aEducación comparada _910864 |
||
| 650 |
_aEducación _9460 |
||
| 650 |
_aCultura _9126 |
||
| 700 |
_aRos, Alejandro (adaptación) _941326 |
||
| 942 |
_2ddc _cLIBROS |
||
| 945 |
_adavv _d2019-05-21 |
||